Bilder nach Buchstabe - P #2 - Statistiken

Allgemein
  • Dieses Quiz wurde 205 mal gespielt
  • Das Durchschnittsergebnis liegt bei 11 aus 16
Antwortstatistiken
Bildquiz Antwort % Korrekt
Palme
99%
Panda
99%
Pfau
99%
Pistazien
93%
Playstation
92%
Panflöte
90%
Panama
78%
Phönix
64%
Prag
59%
Piñata
58%
Pride
57%
Pantheon
54%
Papageitaucher
48%
Plage
46%
Ferenc Puskas
27%
Polynesien
5%
Keine übereinstimmenden Quizze gefunden
Verteilung der Resultate
Anzahl Personen mit jedem Resultat
Perzentil nach korrekt beantworteten Fragen
Ihre Resultats-Entwicklung
Sie haben dieses Quiz noch nicht gespielt